00650nam a2200169 4500001000700000003000900007005001700016007000300033008004100036100002700077245014000104260005100244300002100295500007400316710005700390852003300447136042ES-MaACL20250717081030.0t|070214s1941 sp r ||||1| spa d1 aRuiz Marín, Alfonso.10aEstudio del valor amilolítico del lactante en relación con su alimentaciónb: tesis doctoral / cpor José Alfonso Ruiz Marín. aMadrid : b[s. n.], c1941 (fGráf. Unión) a30 p. ; c22 cm. aTesis de la Universidad Central (Madrid), Facultad de Medicina, 1941.2 aUniversidad Central (Madrid). bFacultad de Medicina aES-MaACLj1832-F-4 bR.19241